| 000 | 01070cam a22003377a 4500 | ||
|---|---|---|---|
| 003 | CHAP | ||
| 005 | 20220329142315.0 | ||
| 008 | 000605d1999 mx r 00110 spa d | ||
| 010 | _a81373 | ||
| 011 | _a82345 | ||
| 022 | _a1405-4841 | ||
| 035 | _a92836 | ||
| 040 | _cCHAP | ||
| 090 | _aFolleto 15986 | ||
| 100 | 0 | 0 |
_aErenstein, Olaf. _937288 |
| 245 | 1 | 3 |
_aLa conservación de residuos en los sistemas de producción de maíz en Ciudad Guzmán y San Gabriel, Jalisco _c/por Olaf Erenstein |
| 260 |
_aMéxico, D. F. : _bCIMMYT, _c1999. |
||
| 300 | _a38 p. | ||
| 590 |
_aBATCH-UPD _b10 _c20130110 _lUCH01 _h0543 |
||
| 590 |
_aBATCH-UPD _b10 _c20130410 _lUCH01 _h0224 |
||
| 590 |
_aBATCH-UPD _b10 _c20130914 _lUCH01 _h1315 |
||
| 590 |
_aCONVERSION _b10 _c20130109 _lUCH01 _h1345 |
||
| 650 | 1 | 4 |
_aLabranza de conservación. _964308 |
| 650 | 1 | 4 |
_aMaíz _xRendimiento. _971051 |
| 650 | 1 | 4 |
_aMaíz _zJalisco. _971096 |
| 650 | 1 | 4 |
_aResiduos. _996113 |
| 901 | _aBK | ||
| 905 | _aLilia Sánchez G. | ||
| 942 | _cFOLL | ||
| 949 |
_aFolleto 15986 _bBC _cFOLL _d928361 _eTS1 _i92836 _sb |
||
| 999 |
_c81373 _d81373 |
||